Statistics for vampire lyrics - Olivia Rodrigo

Click here to take the quiz!

General Stats

  • This quiz has been taken 42 times
  • The average score is 364 of 392

Answer Stats

HintAnswer% Correct
a
100%
about?
100%
As
100%
as
100%
care
100%
do
100%
hate
100%
Verse 1Hate
100%
I
100%
now
100%
of
100%
satisfaction
100%
The
100%
the
100%
to
100%
you
100%
You
100%
your
100%
at
97%
big
97%
but
97%
But
97%
doing
97%
fine
97%
give
97%
how
97%
How
97%
(How
97%
it
97%
Look
97%
look
97%
love
97%
made
97%
me
97%
mistakes
97%
my
97%
one
97%
people
97%
real
97%
so
97%
some
97%
was
97%
when
97%
worst
97%
asking
94%
built
94%
castle
94%
close
94%
come
94%
cool
94%
eyes
94%
for
94%
girl
94%
God
94%
got
94%
guy
94%
I've
94%
Just
94%
just
94%
night
94%
only
94%
out
94%
parts
94%
pretend
94%
see
94%
smart
94%
stupidity
94%
way
94%
what
94%
You're
94%
you're
94%
Verse 2And
91%
and
91%
bad
91%
be
91%
Bloodsucker
91%
called
91%
Can't
91%
can't
91%
Chorus'Cause
91%
'cause
91%
crazy
91%
ever
91%
fame
91%
Fame
91%
fucker
91%
had
91%
into
91%
know
91%
lie?
91%
lie
91%
like
91%
make
91%
naive
91%
news
91%
paradise
91%
said
91%
Six
91%
sold
91%
sometimes
91%
strange
91%
teeth
91%
them
91%
think
91%
told
91%
torture
91%
truly
91%
vampire
91%
were
91%
anyone
88%
dry
88%
How's
88%
loved
88%
months
88%
should've
88%
that
88%
true
88%
used
88%
wanted
88%
without
88%
would
88%
convincing
84%
every
84%
hard?
84%
heart
84%
her
84%
known
84%
laugh
84%
parties
84%
talked
84%
too
84%
wouldn't
84%
Bleedin'
81%
forbidden
81%
goddamn
81%
gotta
81%
help
81%
mean
81%
never
81%
off
81%
oh
81%
Oh
81%
age
78%
better
78%
diamonds
78%
flinching?
78%
girls
78%
not
78%
thing
78%
thrill
78%
tried
78%
fucked
75%
kind
75%
little
75%
sunk
75%
understand
75%
up
75%
will
75%
figure
72%
knows
72%
mesmerizing
72%
I'll
69%
paralyzing
63%
Went
59%
think's
53%
'em
47%

Score Distribution

Percentile by Number Answered

Percent of People with Each Score

Your Score History

You have not taken this quiz